[Event "27th Heraklion Open 2019"]
[Site "Heraklion"]
[Date "2019.09.04"]
[Round "3.1"]
[White "Moiseenko, Vadim"]
[Black "Lirindzakis, Timotheos"]
[Result "1-0"]
[WhiteElo "2543"]
[BlackElo "2157"]
[Annotator "ChessBase"]
[PlyCount "63"]
[EventDate "2019.09.03"]
[EventType "swiss"]
[EventCountry "GRE"]
[SourceTitle "playchess.com"]
[Source "ChessBase"]
[SourceQuality "1"]
[TimeControl "40/5400+30:1800+30"]

1. e4 e5 2. Nf3 Nc6 3. Bc4 Bc5 4. d3 Nf6 5. O-O O-O 6. a4 a6 7. c3 d6 8. Nbd2 Ba7 9. h3 h6 10. Re1 Re8 11. Bb3 Be6 12. Bc2 Ne7 13. d4 Ng6 14. Nf1 c6 15. Ng3 Qc7 16. Be3 Bb6 17. Qc1 Kh7 18. Nf5 Ng8 19. a5 Ba7 20. Nh2 N6e7 21. Ng3 Ng6 22. Ng4 Rad8 23. Nf5 h5 24. Nh2 N6e7 25. dxe5 Bxe3 26. exd6 Rxd6 27. Nxe3 g6 28. Nf3 Kg7 29. b4 c5 30. c4 cxb4 31. Qb2+ f6 32. Nd5 1-0

[Event "27th Heraklion Open 2019"]
[Site "Heraklion"]
[Date "2019.09.04"]
[Round "3.2"]
[White "Fasching, Markus"]
[Black "Levin, Evgeny A."]
[Result "0-1"]
[WhiteElo "2029"]
[BlackElo "2511"]
[Annotator "ChessBase"]
[PlyCount "70"]
[EventDate "2019.09.03"]
[EventType "swiss"]
[EventCountry "GRE"]
[SourceTitle "playchess.com"]
[Source "ChessBase"]
[SourceQuality "1"]
[TimeControl "40/5400+30:1800+30"]

1. e4 c5 2. Nf3 d6 3. d4 cxd4 4. Nxd4 Nf6 5. Nc3 a6 6. Be2 e6 7. a4 Nc6 8. O-O Be7 9. Be3 O-O 10. f4 Qc7 11. Kh1 Re8 12. Bf3 Rb8 13. Qe1 e5 14. Nb3 Be6 15. Nd5 Bxd5 16. exd5 e4 17. dxc6 exf3 18. Rxf3 bxc6 19. Bd4 c5 20. Bc3 Nd5 21. Qf1 Nxc3 22. bxc3 Bf6 23. Qxa6 c4 24. Qa5 Rb6 25. Rd1 cxb3 26. cxb3 Qc5 27. Qxc5 dxc5 28. c4 Bd4 29. h3 f5 30. Kh2 Re2 31. Rdd3 Rb2 32. h4 Re6 33. h5 Re1 34. Rg3 Bg1+ 35. Kh3 Bf2 0-1

[Event "27th Heraklion Open 2019"]
[Site "Heraklion"]
[Date "2019.09.04"]
[Round "3.3"]
[White "Mirzoev, Emil"]
[Black "Alquist, Erik"]
[Result "1-0"]
[WhiteElo "2477"]
[BlackElo "2020"]
[Annotator "TA"]
[PlyCount "109"]
[EventDate "2019.09.03"]
[EventType "swiss"]
[EventCountry "GRE"]
[SourceTitle "playchess.com"]
[Source "ChessBase"]
[SourceQuality "1"]

{[%evp 9,109,17,21,-8,26,28,43,4,33,37,50,35,81,78,72,83,72,72,78,71,78,88,89,83,89,98,105,88,103,103,100,100,100,97,104,93,150,150,151,153,148,150,150,150,150,147,150,143,150,143,136,125,125,125,159,320,320,276,328,269,386,387,356,337,358,185,456,456,456,456,448,343,7091,7656,12829,7033,7100,7292,6947,6099,29944,12812,6183,6498,6514,6914,5513,5097,1729,1581,5189,5393,5393,4134,2529,2371,2200,1880,29982,29983,29984,29985]} 1. d4 Nf6 2. c4 g6 3. Nc3 d5 4. Nf3 Bg7 5. h4 (5. h3 dxc4 6. e4 c5 7. d5 O-O 8. Bxc4 b5 9. Nxb5 Nxe4 10. O-O Ba6 11. Qe2 Nd6 12. Nxd6 Qxd6 {0-1 (94) Meier,G (2628)-Vachier Lagrave,M (2773) Karlsruhe/Baden Baden 2019}) 5... c6 6. Bg5 {D90: Grünfeld: 4 Nf3 Bg7 sidelines} Ne4 7. e3 Qa5 8. Qb3 {White is slightly better.} Nxc3 (8... e5 {keeps more tension.} 9. dxe5 Nd7 10. cxd5 Nxe5 11. Nd4 Nxc3 12. Qxc3 Qxd5 13. Qa3 Bf8) 9. bxc3 h6 10. Bf4 b6 $146 ({Predecessor:} 10... Be6 11. Bd3 Nd7 12. Qxb7 Qxc3+ {0-1 (47) Sunilduth Lyna,N (2568)-Safarli,E (2653) Dubai 2018}) 11. cxd5 cxd5 12. Bb5+ Bd7 13. a4 Bxb5 14. Qxb5+ Qxb5 15. axb5 a5 16. bxa6 $1 Rxa6 17. Kd2 Kd7 18. Be5 $36 {[%mdl 2048] White is really pushing.} f6 {Hoping for ...Rxa1.} 19. Bxb8 Rxa1 20. Rxa1 Rxb8 $16 {[%mdl 4096] Endgame KRB-KRN} 21. Ra7+ Kd6 22. Ne1 f5 ({Better is} 22... h5) 23. Nd3 Bf6 24. g3 Rc8 25. Nb4 Rb8 26. Kc2 g5 27. h5 $1 g4 28. Nd3 Rc8 29. Kb3 Rg8 30. Ra6 Kc6 31. Ka4 {Threatens to win with Nb4+.} Rb8 32. Nb4+ Kd6 33. Kb5 e6 34. Rxb6+ Rxb6+ 35. Kxb6 $18 {KB-KN} Bd8+ 36. Kb5 Bf6 37. Nd3 Bg7 $2 (37... Bd8 {might work better.} 38. c4 dxc4 39. Kxc4 Ke7) 38. c4 dxc4 39. Kxc4 Bf6 40. Nc5 Bg5 $2 (40... Bh8 41. e4 fxe4 42. Nxe4+ Ke7) 41. e4 $1 {[%cal Re4e5]} Bd2 42. e5+ Ke7 43. d5 exd5+ 44. Kxd5 Ba5 45. Nd3 Bd2 46. e6 Bc3 47. Ne5 Be1 48. Ng6+ Ke8 49. Nh4 f4 50. gxf4 Bxf2 {[#]} 51. Ng2 $1 Ke7 {[#]} 52. f5 $1 Bb6 53. Ke4 Bc7 54. Ne3 Bd6 55. Nxg4 {Accuracy: White = 91%, Black = 43%.} 1-0

[Event "27th Heraklion Open 2019"]
[Site "Heraklion"]
[Date "2019.09.04"]
[Round "3.4"]
[White "Putrenko, Kirill"]
[Black "Peng, Li Min"]
[Result "0-1"]
[WhiteElo "1974"]
[BlackElo "2465"]
[Annotator "TA"]
[PlyCount "92"]
[EventDate "2019.09.03"]
[EventType "swiss"]
[EventCountry "GRE"]
[SourceTitle "playchess.com"]
[Source "ChessBase"]
[SourceQuality "1"]

{[%evp 20,92,0,0,14,0,0,0,35,-87,-70,-99,-96,-96,-71,-127,-125,-125,-47,-98,-98,-86,-70,-89,-74,-93,-54,-47,-41,-129,-120,-248,-235,-244,-248,-229,-240,-233,-165,-162,-187,-183,-181,-166,-170,-181,-174,-192,-195,-221,-205,-274,-261,-307,-323,-458,-379,-558,-552,-534,-531,-1158,-1145,-1101,-1114,-29987,-29988,-29990,-29991,-29992,-29993,-29993,-29994,-29994,-29995]} 1. Nf3 Nf6 2. b3 ({Predecessor:} 2. c4 g6 3. b3 Bg7 4. Bb2 O-O 5. g3 d6 6. d4 Nbd7 7. Bg2 e5 8. dxe5 dxe5 9. O-O e4 10. Nd4 Re8 11. Nc3 c6 12. Qc2 Qe7 {0-1 (33) Andres Mendez,M (2355)-Hernandez,J (2300) Cienfuegos 1976}) 2... d6 3. d4 g6 4. Bb2 Bg7 5. g3 O-O 6. Bg2 Nbd7 7. O-O Re8 8. c4 c6 9. Nc3 e5 10. dxe5 dxe5 11. Qc2 Qe7 $146 {E67: King's Indian: Fianchetto: 6...Nbd7} (11... Nc5 12. Rad1 Qb6 13. e4 Bg4 14. h3 Bxf3 15. Bxf3 a5 16. Ba3 Bf8 17. Qc1 Ne6 18. Na4 Qc7 19. c5 Nd4 20. Kg2 Rad8 21. Bb2 Nxf3 {½-½ (21) Alvarez Pedraza,A (2503)-Morovic Fernandez,I (2528) Santa Maria del Mar 2017}) 12. Rad1 e4 13. Nd4 e3 {Strongly threatening ...exf2+.The position is equal.} 14. f4 (14. f3 $1 $14 {was forced to keep a grip.}) 14... Ng4 $17 15. Ne4 {[#]} Ndf6 $1 {[%cal Rf6e4]} 16. Nxf6+ Bxf6 17. Bc3 (17. Bf3 $142) 17... Nf2 18. Rc1 Qc5 (18... Bg7 $17) 19. Nf3 (19. b4 $1 $15 Qh5 20. Qb2) 19... Bf5 20. Qb2 Bxc3 21. Qxc3 Rad8 22. b4 Qd6 23. c5 Qd5 24. Ne5 (24. Rfe1 $15) 24... Qxa2 25. Ra1 (25. Rfe1 $17 {is a better defense.}) 25... Qxe2 $19 26. Rfe1 Nh3+ 27. Kh1 Qf2 {( -> ...Qg1+!)} 28. Qxe3 f6 $40 {[%mdl 128] Black wants a kill.} 29. Qxf2 Nxf2+ 30. Kg1 fxe5 31. Kxf2 {[#]} Rd2+ $1 32. Kg1 a6 33. fxe5 Rb2 34. Bf1 Rxb4 35. Rad1 a5 36. Rd6 Be6 37. Re3 (37. Rd3 $142) 37... a4 38. h4 (38. Ra3 $142) 38... Rb1 39. Rf3 Bd5 40. Rf2 a3 41. h5 a2 42. hxg6 a1=Q {Black mates.} 43. gxh7+ Kh8 44. Rdf6 Qxe5 45. Rf8+ Rxf8 46. Rxf8+ Kxh7 {Accuracy: White = 18%, Black = 70%.} 0-1

[Event "27th Heraklion Open 2019"]
[Site "Heraklion"]
[Date "2019.09.04"]
[Round "3.5"]
[White "Bogdanov, Egor"]
[Black "Kotsinis, Alexandros"]
[Result "1-0"]
[WhiteElo "2422"]
[BlackElo "1951"]
[Annotator "ChessBase"]
[PlyCount "63"]
[EventDate "2019.09.03"]
[EventType "swiss"]
[EventCountry "GRE"]
[SourceTitle "playchess.com"]
[Source "ChessBase"]
[SourceQuality "1"]
[TimeControl "40/5400+30:1800+30"]

1. e4 e5 2. d4 exd4 3. Nf3 Nc6 4. Bc4 Nf6 5. e5 d5 6. Bb5 Ne4 7. Nxd4 Bc5 8. Be3 O-O 9. Bxc6 bxc6 10. O-O Qe8 11. f3 Nf6 12. Re1 Qxe5 13. Bf2 Qh5 14. Nd2 Bd7 15. Nf1 Rfe8 16. Qd2 Bd6 17. Nb3 Qg6 18. Rxe8+ Rxe8 19. Bxa7 Nh5 20. Be3 d4 21. Nxd4 c5 22. Ne2 Bh3 23. Neg3 Nxg3 24. hxg3 Bxg3 25. gxh3 Bd6+ 26. Qg2 Qh5 27. Qg4 Qd5 28. Bf2 h5 29. c4 Qe5 30. Qg2 Qxb2 31. Re1 Be5 32. f4 1-0

[Event "27th Heraklion Open 2019"]
[Site "Heraklion"]
[Date "2019.09.04"]
[Round "3.6"]
[White "Atakay, Mustafa"]
[Black "Gretarsson, Helgi Ass"]
[Result "0-1"]
[WhiteElo "1866"]
[BlackElo "2410"]
[Annotator "TA"]
[PlyCount "42"]
[EventDate "2019.09.03"]
[EventType "swiss"]
[EventCountry "GRE"]
[SourceTitle "playchess.com"]
[Source "ChessBase"]
[SourceQuality "1"]

{[%evp 12,50,47,14,31,-11,50,16,17,-6,-21,-20,0,-110,-115,-107,-141,-127,-42,-33,-35,-86,-87,-169,-172,-172,-175,-170,-152,-227,-193,-408,-266,-470,-465,-1193,-1173,-29992,-29993,-29993,-29977]} 1. d4 g6 2. c4 Bg7 3. g3 d6 4. Nf3 Nd7 5. Nc3 e5 6. Bg2 Ne7 7. e4 O-O {A41: 1 d4 d6: Tartakower System and Modern Defence} 8. Be3 (8. O-O exd4 9. Nxd4 Ne5 10. b3 N7c6 11. Nxc6 Nxc6 12. Bb2 Be6 13. Qd2 Nd4 14. Rae1 Bh3 15. Nd5 Bxg2 16. Kxg2 Ne6 17. f4 Nc5 18. Bxg7 Kxg7 19. Qc3+ f6 20. e5 {1-0 (20) Solak,D (2568)-Vajda,L (2564) Predeal 2007}) 8... a6 $146 (8... exd4 $11 9. Bxd4 Nf6) ({Predecessor:} 8... exd4 9. Bxd4 Nf6 10. h3 Re8 11. Be3 Nc6 12. Nd2 Nd7 13. Na4 Nb6 14. c5 Nxa4 15. Qxa4 dxc5 16. Bxc5 Bxb2 {0-1 (27) Lev,R (2396)-Gelman,A (2413) Israel 2012}) 9. Qd2 exd4 {The position is equal.} 10. Nxd4 Ne5 11. b3 c5 12. Nf3 {[#]} (12. Nde2 $11 {remains equal.}) 12... Bh3 $1 $36 {[%mdl 2560] Black has strong initiative.} 13. Nxe5 (13. Bxh3 Nxf3+) 13... Bxg2 14. Rg1 Bxe4 ({Resist} 14... Bxe5 15. Rxg2 Nc6 16. Kf1 $11) ({Black should try} 14... Bh3 $17 15. Nd3 Bg4) 15. Nxe4 $15 Bxe5 16. Rd1 (16. O-O-O $15) 16... Nf5 $17 17. Nc3 (17. Kf1 $17 {might work better.}) 17... Re8 18. Nd5 b5 19. Qd3 bxc4 20. Qxc4 (20. bxc4 $17 {was worth a try.} Rb8 21. Kf1) 20... Bd4 21. Qd3 $2 (21. Rg2) 21... Re5 {Played: Qd8-g5} 0-1

[Event "27th Heraklion Open 2019"]
[Site "Heraklion"]
[Date "2019.09.04"]
[Round "3.7"]
[White "Namini, Armin"]
[Black "Fragkiadakis, Emmanouel"]
[Result "1-0"]
[WhiteElo "2251"]
[BlackElo "1743"]
[Annotator "ChessBase"]
[PlyCount "77"]
[EventDate "2019.09.03"]
[EventType "swiss"]
[EventCountry "GRE"]
[SourceTitle "playchess.com"]
[Source "ChessBase"]
[SourceQuality "1"]
[TimeControl "40/5400+30:1800+30"]

1. c4 c5 2. Nf3 Nf6 3. Nc3 e6 4. g3 b6 5. Bg2 Bb7 6. O-O d6 7. b3 Be7 8. Bb2 O-O 9. e3 a6 10. d4 cxd4 11. Nxd4 Bxg2 12. Kxg2 Qc7 13. Qf3 Ra7 14. Rad1 Rc8 15. Rd2 Nbd7 16. Rfd1 Qb7 17. Qxb7 Rxb7 18. e4 Nc5 19. f3 Rd7 20. Kf1 g5 21. h3 Nh5 22. Kg2 Bf6 23. Nde2 Be5 24. b4 Bxc3 25. Nxc3 Nb7 26. Na4 Rc6 27. b5 axb5 28. cxb5 Rcc7 29. Nxb6 Rd8 30. Rc1 Rxc1 31. Bxc1 Nf6 32. Rc2 h6 33. Rc7 Nc5 34. a4 Nb3 35. Bb2 Ne8 36. Rc8 Rxc8 37. Nxc8 d5 38. exd5 exd5 39. b6 1-0

[Event "27th Heraklion Open 2019"]
[Site "Heraklion"]
[Date "2019.09.04"]
[Round "3.8"]
[White "Koutsourakis, Ioannis"]
[Black "Hulshof, Peter"]
[Result "0-1"]
[WhiteElo "1739"]
[BlackElo "2180"]
[Annotator "ChessBase"]
[PlyCount "68"]
[EventDate "2019.09.03"]
[EventType "swiss"]
[EventCountry "GRE"]
[SourceTitle "playchess.com"]
[Source "ChessBase"]
[SourceQuality "1"]
[TimeControl "40/5400+30:1800+30"]

1. d4 g6 2. c4 Bg7 3. e4 d6 4. Nf3 e5 5. Be3 Nc6 6. Nc3 Bg4 7. d5 Nd4 8. Be2 Bxf3 9. Bxf3 c5 10. Bxd4 exd4 11. Qa4+ Ke7 12. Ne2 Nf6 13. O-O Qd7 14. Qa3 Rhe8 15. b4 b6 16. bxc5 bxc5 17. Ng3 Kf8 18. Bd1 Qc7 19. Ba4 Qa5 20. Qb3 Reb8 21. Qd1 Rb4 22. Bb3 Qa3 23. f4 Re8 24. Re1 Nd7 25. Nf1 a5 26. Qd3 a4 27. Reb1 Ra8 28. Bc2 Qc3 29. Nd2 Rab8 30. a3 Rb2 31. Qxc3 dxc3 32. Bxa4 cxd2 33. Rxb2 Bxb2 34. Rb1 Bd4+ 0-1

[Event "27th Heraklion Open 2019"]
[Site "Heraklion"]
[Date "2019.09.04"]
[Round "3.9"]
[White "Ivanov, Mike"]
[Black "Natoli, Domenico"]
[Result "1-0"]
[WhiteElo "2177"]
[BlackElo "1694"]
[Annotator "ChessBase"]
[PlyCount "43"]
[EventDate "2019.09.03"]
[EventType "swiss"]
[EventCountry "GRE"]
[SourceTitle "playchess.com"]
[Source "ChessBase"]
[SourceQuality "1"]
[TimeControl "40/5400+30:1800+30"]

1. e4 c5 2. Nf3 d6 3. c3 Nf6 4. h3 Nc6 5. d4 cxd4 6. cxd4 e6 7. Nc3 d5 8. e5 Nd7 9. Bd3 Qb6 10. Bc2 Na5 11. O-O Nc4 12. b3 Na3 13. Bd3 a6 14. Be3 Nb5 15. Nxb5 axb5 16. Ng5 g6 17. Qf3 f5 18. exf6 Qd6 19. Bf4 Qb6 20. f7+ Kd8 21. Nxe6+ Qxe6 22. Rae1 1-0

[Event "27th Heraklion Open 2019"]
[Site "Heraklion"]
[Date "2019.09.04"]
[Round "3.10"]
[White "Mavridis, Emmanouel"]
[Black "Burnett, Leon P"]
[Result "0-1"]
[WhiteElo "1268"]
[BlackElo "1849"]
[Annotator "NA"]
[PlyCount "152"]
[EventDate "2019.09.03"]
[EventType "swiss"]
[EventCountry "GRE"]
[SourceTitle "playchess.com"]
[Source "ChessBase"]
[SourceQuality "1"]
[TimeControl "40/5400+30:1800+30"]

1. d4 Nf6 2. c4 e6 3. Nc3 Bb4 4. Nf3 O-O 5. Bg5 h6 6. Bh4 d6 7. a3 Bxc3+ 8. bxc3 Nbd7 9. e3 Re8 10. Be2 b6 11. O-O Bb7 12. a4 a5 13. Qc2 Qe7 14. Rfd1 e5 15. Qb3 e4 16. Nd2 Ba6 17. Nf1 Qe6 18. d5 Qf5 19. Qc2 Qh7 20. h3 g5 21. Bg3 Ne5 22. Bxe5 Rxe5 23. Rd4 Nd7 24. Nd2 Rae8 25. Nb3 Bc8 26. Rdd1 f5 27. Nd4 Nb8 28. Qb3 Bd7 29. Rf1 Na6 30. Qc2 Rf8 31. Ra2 Qe7 32. Qd2 Qf6 33. Raa1 Nc5 34. Bd1 Qg6 35. Qe2 Qe8 36. Qc2 Kh8 37. Qa2 Re7 38. Nb5 Bxb5 39. cxb5 Rg7 40. c4 Qe5 41. Be2 Nd7 42. Qd2 Nf6 43. Rae1 Qe7 44. Qd4 Nd7 45. f3 exf3 46. Bxf3 Qe5 47. Bd1 Rgf7 48. Rf2 Rf6 49. Ref1 f4 50. Qd3 Qxe3 51. Qxe3 fxe3 52. Rxf6 Rxf6 53. Rxf6 Nxf6 54. Bf3 Nd7 55. Bd1 Ne5 56. Bb3 Nd3 57. Kf1 e2+ 58. Kxe2 Nc1+ 59. Ke3 Nxb3 60. Ke4 Nc5+ 61. Kf5 Kg7 62. g3 Kf7 63. h4 gxh4 64. gxh4 Nxa4 65. Kg4 Nb2 66. Kh5 Kg7 67. Kg4 a4 68. Kf5 Kf7 69. Ke4 a3 70. Kd4 a2 71. h5 a1=Q 72. c5 Qd1+ 73. Kc3 Qc1+ 74. Kb3 Nd1 75. cxb6 Qc3+ 76. Ka4 Nb2# 0-1

[Event "27th Heraklion Open 2019"]
[Site "Heraklion"]
[Date "2019.09.04"]
[Round "3.11"]
[White "Bras, Emmanouel"]
[Black "Kealar, Konstantinos"]
[Result "1-0"]
[WhiteElo "1838"]
[BlackElo "1270"]
[Annotator "NA"]
[PlyCount "77"]
[EventDate "2019.09.03"]
[EventType "swiss"]
[EventCountry "GRE"]
[SourceTitle "playchess.com"]
[Source "ChessBase"]
[SourceQuality "1"]
[TimeControl "40/5400+30:1800+30"]

1. d4 f5 2. Nf3 Nf6 3. e3 e6 4. c4 Be7 5. Nc3 O-O 6. Qc2 d5 7. Be2 Ne4 8. O-O c6 9. b3 Qc7 10. Bb2 Nd7 11. Rac1 Ndf6 12. Ne5 Nxc3 13. Bxc3 Ne4 14. Bb2 Bg5 15. Bd3 Bd7 16. Ba3 Rf6 17. f4 Bh6 18. Be7 Rf7 19. Nxf7 Kxf7 20. Bxe4 fxe4 21. Bg5 Rg8 22. Qf2 Ke8 23. Qh4 Bc8 24. Bxh6 gxh6 25. Qxh6 Rg6 26. Qh5 Qg7 27. cxd5 Kd7 28. dxe6+ Rxe6 29. d5 Rg6 30. dxc6+ bxc6 31. Rfd1+ Kc7 32. Qa5+ Kb8 33. Qb4+ Kc7 34. Qxe4 Bh3 35. Rd2 Re6 36. Qd4 Qg6 37. Qxa7+ Kc8 38. Qd7+ Kb8 39. Qd8+ 1-0

[Event "27th Heraklion Open 2019"]
[Site "Heraklion"]
[Date "2019.09.04"]
[Round "3.12"]
[White "Kapnistou, Maria"]
[Black "Lithoxoos, Theodoros"]
[Result "0-1"]
[WhiteElo "1201"]
[BlackElo "1685"]
[Annotator "NA"]
[PlyCount "94"]
[EventDate "2019.09.03"]
[EventType "swiss"]
[EventCountry "GRE"]
[SourceTitle "playchess.com"]
[Source "ChessBase"]
[SourceQuality "1"]
[TimeControl "40/5400+30:1800+30"]

1. e4 c5 2. Nc3 d6 3. g3 Nc6 4. d3 g6 5. Bg2 Bg7 6. Be3 Nf6 7. h3 O-O 8. Qd2 Nd4 9. Nge2 e5 10. O-O Bxh3 11. Nxd4 Bxg2 12. Nc6 bxc6 13. Kxg2 Ng4 14. Rh1 Nxe3+ 15. Qxe3 f5 16. Ne2 f4 17. Qf3 fxg3 18. Qxg3 Qf6 19. Rh3 Rf7 20. Qh4 Qxh4 21. Rxh4 Raf8 22. Rf1 Rf3 23. b3 R8f7 24. Ng1 R3f4 25. Rh3 Bf8 26. Rg3 Be7 27. Nh3 Rh4 28. f3 Kg7 29. Kf2 d5 30. Ke2 Bd8 31. Rfg1 Rb7 32. Ke3 c4 33. Rb1 h6 34. Rd1 cxb3 35. axb3 Rb5 36. Rd2 Rxh3 37. Rxh3 Bg5+ 38. Ke2 Bxd2 39. Kxd2 Ra5 40. Rh1 g5 41. Ke3 Ra2 42. Rh2 d4+ 43. Kd2 Ra1 44. Rf2 Kg6 45. Ke2 h5 46. Rf1 Rxf1 47. Kxf1 g4 0-1

[Event "27th Heraklion Open 2019"]
[Site "Heraklion"]
[Date "2019.09.04"]
[Round "3.13"]
[White "Ergazaki, Eirini"]
[Black "Farsaris Zaharakis, Mihail"]
[Result "1-0"]
[WhiteElo "1336"]
[BlackElo "1273"]
[Annotator "NA"]
[PlyCount "103"]
[EventDate "2019.09.03"]
[EventType "swiss"]
[EventCountry "GRE"]
[SourceTitle "playchess.com"]
[Source "ChessBase"]
[SourceQuality "1"]
[TimeControl "40/5400+30:1800+30"]

1. e4 e5 2. Nf3 Nc6 3. d4 exd4 4. Bc4 h6 5. Nxd4 Nxd4 6. Qxd4 Qf6 7. e5 Qg6 8. Qf4 Bc5 9. O-O Ne7 10. Nc3 O-O 11. Bd3 Qe6 12. Na4 Bb6 13. Nxb6 axb6 14. Bc4 Qg6 15. Bd3 Qe6 16. Qe4 Qg6 17. Re1 Qxe4 18. Rxe4 Nc6 19. Bd2 Re8 20. Bc3 d6 21. exd6 Rxe4 22. Bxe4 cxd6 23. a3 Be6 24. Rd1 Rd8 25. Bd5 b5 26. f3 Kf8 27. Kf2 Bf5 28. Rd2 Rd7 29. Be4 Be6 30. Bd3 Bc4 31. Be4 f6 32. b3 Be6 33. Bd3 b4 34. axb4 d5 35. b5 Ne5 36. Be2 Kf7 37. Kg3 Rc7 38. Ba5 Rd7 39. f4 Ng6 40. c4 dxc4 41. Rxd7+ Bxd7 42. bxc4 Ne7 43. Bf3 Bc8 44. Kf2 Nf5 45. Bd5+ Ke8 46. Bb6 Nd6 47. Bc5 Ke7 48. Ke3 Be6 49. Bxd6+ Kxd6 50. Bxe6 Kxe6 51. Kd4 b6 52. c5 1-0

[Event "27th Heraklion Open 2019"]
[Site "Heraklion"]
[Date "2019.09.04"]
[Round "3.14"]
[White "Kharlamov, Vladimir P."]
[Black "Westman, Lennart"]
[Result "0-1"]
[WhiteElo "2418"]
[BlackElo "1700"]
[Annotator "TA"]
[PlyCount "76"]
[EventDate "2019.09.03"]
[EventType "swiss"]
[EventCountry "GRE"]
[SourceTitle "playchess.com"]
[Source "ChessBase"]
[SourceQuality "1"]

{[%evp 18,75,64,57,60,41,72,49,72,41,43,27,107,119,91,75,56,64,64,52,63,43,84,93,87,43,67,68,155,129,228,141,368,244,439,420,409,395,439,427,683,682,725,488,1048,912,2484,2466,2300,141,29988,29989,29989,29990,29989,29990,29990,87,87,-29999]} 1. c4 d6 2. Nc3 c6 3. d4 Nd7 4. e4 Qc7 5. Be3 e5 6. Nf3 Be7 7. Be2 Ngf6 8. h3 Nf8 9. Qd2 Ng6 10. O-O O-O {A55: Old Indian Defence with Nf3 and e4} 11. Rac1 (11. Rfe1 b6 12. a3 Rd8 13. Rac1 h6 14. Bf1 Bb7 15. Qc2 Rac8 16. Qb1 Qb8 17. b4 Bf8 18. d5 {0-1 (61) Shishkov,A (2385)-Soot,M (2091) Tallinn 2014}) 11... Bd7 $146 ({Predecessor:} 11... Re8 12. b4 Bf8 13. d5 Bd7 14. Rfd1 Rad8 15. Qc2 b6 16. dxc6 Bxc6 17. Nd2 h6 18. Nd5 Bxd5 19. cxd5 Qxc2 20. Rxc2 {1-0 (74) Yousry,S (2278)-Salah,A (2033) Cairo 2007}) 12. a3 a5 {White is slightly better.} 13. Ne1 exd4 14. Bxd4 Ne8 (14... Rfe8 $11 {keeps the balance.}) 15. f4 $16 Bf6 16. Nf3 Bxd4+ 17. Nxd4 Nf6 18. Kh1 Rfe8 19. Bd3 h5 20. Bb1 h4 21. Nf3 Nh5 22. Ne2 f5 (22... Bf5 $1 $14) 23. Ng5 Rf8 (23... Qd8 $16) 24. Rcd1 $36 {[%mdl 2048] White is on the roll.} d5 $2 (24... fxe4 $16 25. Bxe4 (25. Nxe4 Rae8 $16) 25... Bf5) 25. e5 Nxe5 $2 (25... Qd8 {was worth a try.} 26. Nf3 (26. cxd5 Ngxf4 27. Ba2 Qxg5 $18) 26... Qb6 27. cxd5 cxd5 28. Qxd5+ Be6) 26. fxe5 $18 Qxe5 27. Rf2 Rae8 28. cxd5 Ng3+ (28... c5 $142 29. Nf3 Qe3) 29. Nxg3 hxg3 30. Rff1 {Ba2 is the strong threat.} Rf6 (30... cxd5 $142 31. Rde1 Qd6 32. Rxe8 Rxe8) 31. d6 Rh6 32. Ba2+ Kf8 33. Qf4 $2 (33. Rfe1 $18 {is more deadly.} Rh5 34. Rxe5 Rxe5 35. Re1 Rd5 36. Qe3 Rxh3+ 37. gxh3 g2+ 38. Kg1 g6 39. Qe7+ {[%mdl 64] Double Attack} Kg8 40. Qxd7 Kh8 41. Qh7#) 33... Qxb2 $2 {[%mdl 8192] [#]} (33... Qxf4 $16 34. Rxf4 Rxd6) 34. Qc4 {[%csl Ga2][%cal Rc4g8]} Be6 35. Nxe6+ Rexe6 36. Rxf5+ Kg8 37. Qf1 $2 (37. Qxe6+ {mates} Rxe6 38. Bxe6+ Kh7 39. d7 Qe2 40. d8=Q Qxe6 41. Qh4+ Qh6 {[#]} 42. Rh5 $1 {[%mdl 512]}) 37... Rxh3+ $16 38. gxh3 $4 {[%mdl 8192]} (38. Kg1 $16 Qb6+ 39. Rf2 gxf2+ 40. Qxf2 Rh1+ 41. Kxh1 Qxf2 42. Bxe6+ Kf8 43. d7 Qh4+ 44. Bh3) 38... Qh2# {Accuracy: White = 38%, Black = 20%.} 0-1

[Event "27th Heraklion Open 2019"]
[Site "Heraklion"]
[Date "2019.09.04"]
[Round "3.15"]
[White "Borbantonakis, Ioannis"]
[Black "Kealar, Ioannis"]
[Result "0-1"]
[WhiteElo "1635"]
[BlackElo "1240"]
[Annotator "NA"]
[PlyCount "80"]
[EventDate "2019.09.03"]
[EventType "swiss"]
[EventCountry "GRE"]
[SourceTitle "playchess.com"]
[Source "ChessBase"]
[SourceQuality "1"]
[TimeControl "40/5400+30:1800+30"]

1. Nf3 Nf6 2. c4 e6 3. g3 Be7 4. Bg2 O-O 5. O-O d5 6. b3 c5 7. e3 Nc6 8. d4 b6 9. Bb2 Ba6 10. Nbd2 Rc8 11. Rc1 Qc7 12. a3 dxc4 13. Nxc4 Bxc4 14. bxc4 cxd4 15. exd4 Ne4 16. Qe2 Nd6 17. Rfd1 Na5 18. d5 exd5 19. cxd5 Qd7 20. Rxc8 Rxc8 21. Rc1 Rxc1+ 22. Bxc1 h6 23. g4 Qd8 24. Ne5 Bg5 25. f4 Bf6 26. Nc6 Nxc6 27. dxc6 Ne8 28. g5 hxg5 29. fxg5 Bd4+ 30. Kh1 Qb8 31. g6 Bf6 32. Bf4 Qd8 33. Bd5 Qxd5+ 34. Kg1 Bd4+ 35. Be3 Qg5+ 36. Kh1 Bxe3 37. gxf7+ Kxf7 38. Qf1+ Nf6 39. c7 Qd5+ 40. Qg2 Qd1+ 0-1

[Event "27th Heraklion Open 2019"]
[Site "Heraklion"]
[Date "2019.09.04"]
[Round "3.16"]
[White "Saklampanakis, Dimitrios"]
[Black "Koutsaftis, Efstratios Panagioti"]
[Result "0-1"]
[WhiteElo "1245"]
[BlackElo "1611"]
[Annotator "NA"]
[PlyCount "110"]
[EventDate "2019.09.03"]
[EventType "swiss"]
[EventCountry "GRE"]
[SourceTitle "playchess.com"]
[Source "ChessBase"]
[SourceQuality "1"]
[TimeControl "40/5400+30:1800+30"]

1. c4 e6 2. Nc3 Nf6 3. g3 d5 4. cxd5 exd5 5. d4 Bb4 6. Bd2 Nc6 7. Nf3 Bg4 8. Bg2 O-O 9. e3 Ne4 10. h3 Bh5 11. g4 Bxc3 12. Bxc3 Nxc3 13. bxc3 Bg6 14. O-O Na5 15. Ne5 c6 16. f4 f6 17. Nxg6 hxg6 18. Qd3 f5 19. Bf3 b5 20. gxf5 gxf5 21. Kh2 Nc4 22. Rg1 Qh4 23. Rg3 Rae8 24. Be2 Nxe3 25. Rag1 Qxf4 26. Bf3 Nc4 27. Rf1 Qd2+ 28. Qxd2 Nxd2 29. Rf2 Ne4 30. Bxe4 fxe4 31. Rfg2 Re7 32. Rg6 e3 33. Re2 Rc8 34. Rg3 Rce8 35. Rg6 Re6 36. Rxe6 Rxe6 37. Kg3 Kf7 38. Kf3 Kf6 39. Rxe3 Rxe3+ 40. Kxe3 Kg5 41. Kf3 Kf5 42. Ke3 Kg5 43. Kf3 Kh4 44. Kf4 Kxh3 45. Kg5 Kg3 46. Kg6 Kg4 47. Kxg7 Kf5 48. Kf7 Ke4 49. Ke6 b4 50. cxb4 Kxd4 51. Kd6 Kc4 52. Kxc6 d4 53. b5 d3 54. Kb7 Kxb5 55. Kxa7 d2 0-1